| Поле | Инд. | ПП | Название | Значение |
|---|---|---|---|---|
| Тип записи | a | |||
| Библиографический уровень | b | |||
| 001 | Контрольный номер | 354536a17f6441b2ada67d36dd2f2f85 | ||
| 005 | Дата корректировки | 20220517155738.5 | ||
| 024 | 80 | a | Стандартный номер | DOI: 10.3367/UFNe.2017.11.038237 |
| 040 | a | Служба первич. каталог. | Scopus | |
| 041 | 0_ | a | Код языка текста | eng |
| 097 | a | Костяева О.Г. | ||
| 100 | 1_ | q | Полное имя | Франк Александр Ильич |
| g | Прочие сведения | РИНЦ AuthorID: 170574 (http://elibrary.ru/author_profile.asp?id= 170574); Scopus Author ID: 7401661208 (https://www.scopus.com/authid/detail.uri?authorId=7401661208) | ||
| u | Дополнение | Франк А. И.; Frank Aleksandr I. | ||
| a | Автор | Frank A. I. | ||
| c | Титул (звания) | доктор физико-математических наук | ||
| i | 000091263 | |||
| k | Кафедра ядерной физики; Факультет естественных и инженерных наук | |||
| 245 | 10 | a | Заглавие | On the properties of the `potential' neutron dispersion law in a refractive medium |
| 550 | a | Прим. об изд. организации | Кафедра ядерной физики; Факультет естественных и инженерных наук | |
| 773 | 18 | t | Название источника | Physics-Uspekhi |
| d | Место и дата издания | 2018 | ||
| m | Специф. данные | входит в Scopus;входит в WoS;Входит в ядро РИНЦ;журнал из перечня ВАК;ненулевой импакт-фактор; | ||
| g | Прочая информация | V. 61. - P. 900-901 | ||
| b | Сведения об издании | Turpion Limited | ||
| b | Сведения об издании | IOP Publishing Ltd. | ||
| c | RUSSIA; ENGLAND | |||
| p | Phys. Usp. | |||
| x | ISSN | 1063-7869 | ||
| o | Прочие индексы | wos 2.301, scopus 2.08, ринц - | ||
| w | Контрольный № источника | 271c1318afe54c3bba74688ba6b251f5 | ||
| 901 | t | Тип документа | b | |
| 952 | c | Вид литературы | статья в журнале |